Statistics for Random Capitals with Letters Missing

Click here to take the quiz!

General Stats

  • This quiz has been taken 3,914 times
    (934 since last reset)
  • The average score is 11 of 20

Answer Stats

HintCapital% Correct
_B_   D_A_IAbu Dhabi
100%
_B_J_Abuja
100%
D_K_RDakar
100%
J_B_Juba
100%
K_B_LKabul
100%
K_A_A   _U_P_RKuala Lumpur
100%
U_A_N_A_T_RUlaanbaatar
100%
B_A_Z_V_L_EBrazzaville
97%
C_P_   T_W_Cape Town
96%
M_N_KMinsk
96%
P_N_M   _E_HPhnom Penh
96%
Q_I_OQuito
96%
R_Y_J_V_KReykjavík
96%
S_N   _A_V_D_RSan Salvador
96%
B_G_D_DBaghdad
95%
B_D_P_S_Budapest
95%
T_K_OTokyo
95%
V_L_E_T_Valletta
95%
B_K_Baku
94%
L_   P_ZLa Paz
94%
L_M_Lima | Lomé
94%
L_X_M_O_R_Luxembourg
94%
M_P_T_Maputo
94%
R_B_TRabat
94%
S_R_J_V_Sarajevo
94%
B_G_T_Bogotá
93%
S_N_'ASana'a
93%
T_N_STunis
93%
V_T_C_N   _I_YVatican City
93%
D_H_Doha
92%
J_K_R_AJakarta
92%
J_R_S_L_MJerusalem
92%
R_Y_D_Riyadh
92%
B_N_K_KBangkok
91%
K_T_M_N_UKathmandu
91%
R_M_Rome
91%
A_D_S   _B_B_Addis Ababa
90%
B_U_S_L_Brussels
90%
D_L_Dili
90%
_E_   D_L_INew Delhi
90%
S_F_ASofia
90%
_J_B_U_IDjibouti
89%
B_E_O_   A_R_SBuenos Aires
88%
H_N_IHanoi
88%
H_V_N_Havana
88%
_O_ÉLomé
88%
O_L_Oslo
88%
P_R_M_R_B_Paramaribo
88%
P_R_SParis
88%
W_L_I_G_O_Wellington
88%
A_U   _H_B_Abu Dhabi
87%
A_U_C_Ó_Asunción
87%
C_R_C_SCaracas
87%
H_L_I_K_Helsinki
87%
Z_G_E_Zagreb
87%
B_I_I_GBeijing
86%
D_M_S_U_Damascus
86%
I_L_M_B_DIslamabad
86%
M_N_L_Manila
86%
M_X_C_   C_T_Mexico City
86%
P_N_M_   C_T_Panama City
86%
T_L_I_NTallinn
86%
_I_VKiev
85%
M_N_C_Monaco
85%
A_S_E_D_MAmsterdam
84%
G_A_E_A_A   _I_YGuatemala City
84%
M_D_I_Madrid
83%
S_O_K_O_MStockholm
83%
A_C_AAccra
82%
_S_G_B_TAshgabat
82%
K_E_Kiev
82%
O_T_W_Ottawa
82%
M_L_Malé
81%
R_G_Riga
81%
N_C_S_ANicosia
80%
_A_N_   G_O_G_'SSaint George's
80%
_A_N_   J_H_'SSaint John's
80%
A_U_AAbuja
79%
_N_O_R_   L_   V_L_AAndorra la Vella
79%
_O_E_H_G_NCopenhagen
79%
_A_ÉMalé
79%
M_G_D_S_UMogadishu
79%
_A_S_WWarsaw
79%
S_N   _O_ÉSan José
78%
T_H_A_Tehran
78%
Y_R_V_NYerevan
78%
_A   _A_La Paz
77%
M_N_G_AManagua
77%
O_A_A_O_G_UOuagadougou
77%
T_I_I_ITbilisi
77%
A_M_NAmman
76%
D_A_ADhaka
76%
K_N_H_S_Kinshasa
76%
_S_OOslo
76%
_A_   M_R_N_San Marino
76%
Y_O_N_ÉYaoundé
76%
G_O_G_T_W_Georgetown
75%
L_N_O_London
75%
L_S_K_Lusaka
75%
M_N_M_Manama
75%
W_N_H_E_Windhoek
75%
A_K_R_Ankara
74%
K_M_A_AKampala
74%
_U_L_   L_M_U_Kuala Lumpur
74%
K_W_I_   C_T_Kuwait City
74%
S_O   _O_ÉSão Tomé
74%
_A_H_N_T_N   _.C.Washington D.C.
74%
A_T_N_N_R_V_Antananarivo
73%
N_I_O_INairobi
73%
N_Y_Y_D_WNaypyidaw
73%
P_R_ - O_ - S_A_NPort-of-Spain
73%
S_V_Suva
73%
W_R_A_Warsaw
73%
_P_AApia
72%
S_I   _A_A_A_D_N_P_R_   K_T_ESri Jayawardenepura Kotte
72%
A_G_E_SAlgiers
71%
H_R_R_Harare
71%
K_A_T_U_Khartoum
71%
N_W   _E_H_New Delhi
71%
P_D_O_I_APodgorica
71%
P_R_O   _O_OPorto-Novo
71%
P_R_   V_L_Port Vila
71%
_A_A'_Sana'a
71%
_A_   J_S_San José
71%
T_G_C_G_L_ATegucigalpa
71%
_D_I_   A_A_AAddis Ababa
70%
A_T_N_Astana
70%
B_R_Bern
70%
_I_R_V_L_ELibreville
70%
P_A_APraia
70%
V_D_ZVaduz
70%
K_N_S_O_NKingstown
69%
L_L_N_W_Lilongwe
69%
_O_C_WMoscow
69%
_A_T_   D_M_N_OSanto Domingo
69%
B_A_I_L_V_Bratislava
68%
K_G_L_Kigali
68%
_O_T_V_D_OMontevideo
68%
P_R_   M_R_S_YPort Moresby
68%
_Ã_   T_M_São Tomé
68%
S_O_LSeoul
68%
_O_G_R_C_Podgorica
67%
V_L_I_SVilnius
67%
G_B_R_N_Gaborone
66%
B_N_A_   S_R_   B_G_W_NBandar Seri Begawan
65%
_H_Ș_N_UChișinău
65%
_O_Y_Tokyo
65%
V_E_T_A_EVientiane
65%
W_S_I_G_O_   D._.Washington D.C.
65%
B_L_R_D_Belgrade
64%
F_N_F_T_Funafuti
64%
N'_J_M_N_N'Djamena
64%
B_I_G_T_W_Bridgetown
63%
D_S_A_B_Dushanbe
63%
L_B_E_I_L_Libreville
63%
_'D_A_E_AN'Djamena
63%
_Y_N_Y_N_Pyongyang
63%
_U_A_T   _I_YKuwait City
62%
_O_T - _F - _P_I_Port-of-Spain
62%
_A_   S_L_A_O_San Salvador
62%
T_I_P_UThimphu
62%
_C_R_Accra
61%
_I_IDili
61%
D_D_M_Dodoma
61%
V_E_N_Vienna
61%
_S_A_AAsmara | Astana
60%
_A_UBaku
60%
B_S_E_E_R_Basseterre
60%
C_N_K_YConakry
60%
F_E_T_W_Freetown
60%
_U_T_M_L_   C_T_Guatemala City
60%
M_L_B_Malabo
60%
T_S_K_N_Tashkent
60%
B_M_K_Bamako
59%
B_A_Í_I_Brasília
59%
_I_ARiga | Lima
59%
S_I_T   _O_N'_Saint John's
59%
_R_P_L_Tripoli
59%
B_S_K_KBishkek
58%
P_R_ - A_ - P_I_C_Port-au-Prince
58%
P_R_   L_U_SPort Louis
58%
S_N   _A_I_OSan Marino
58%
S_N_I_G_Santiago
58%
T_I_E_Taipei
58%
_E_J_N_Beijing
57%
C_N_E_R_Canberra
57%
D_B_I_Dublin
57%
G_T_G_Gitega
57%
N_S_A_Nassau
57%
_A_I_A_   C_T_Vatican City
57%
_O_D_NLondon
56%
S_O_J_Skopje
56%
_E_NBern
55%
S_N_A_O_ESingapore
55%
_A_R_Cairo
54%
M_S_R_Maseru
54%
P_O_G_A_GPyongyang
54%
_N_A_A_A_I_OAntananarivo
53%
B_N_U_Bangui | Banjul
53%
B_C_A_E_TBucharest
53%
C_I_OCairo
53%
C_I_I_Ă_Chișinău
53%
L_U_L_A_ALjubljana
53%
_U_E_B_U_GLuxembourg
53%
_A_R_DMadrid
53%
_A_A_OMalabo | Bamako
53%
M_A_A_EMbabane
53%
N_U_K_H_T_Nouakchott
53%
_O_A_C_O_TNouakchott
53%
P_A_U_Prague
53%
_I_G_P_R_Singapore
53%
_O_T_   T_R_W_South Tarawa
53%
A_I_Apia
52%
A_M_R_Asmara
52%
D_I_O_T_Djibouti
52%
_I_M_YNiamey
52%
_H_O_   P_N_Phnom Penh
52%
_O_ERome
52%
S_N_O   _O_I_G_Santo Domingo
52%
A_H_N_Athens
50%
C_P_N_A_E_Copenhagen
50%
_E_I_O   _I_YMexico City
50%
M_R_N_Moroni
50%
N_E_U_M_DNgerulmud
50%
_A_A_A   _I_YPanama City
50%
_O_T_   N_V_Porto-Novo
50%
_R_   J_Y_W_R_E_E_U_A   _O_T_Sri Jayawardenepura Kotte
50%
_U_ASuva | Juba
50%
Y_R_NYaren
50%
A_D_R_A   _A   _E_L_Andorra la Vella
48%
_A_D_R   _E_I   _E_A_A_Bandar Seri Begawan
48%
_U_H_R_S_Bucharest
48%
_O_ADoha
48%
M_J_R_Majuro
48%
M_S_O_Moscow
48%
_N_A_AAnkara
47%
_R_T_S_A_ABratislava
47%
_J_B_J_N_Ljubljana
47%
_K_P_ESkopje
47%
T_R_N_Tirana
47%
Y_M_U_S_U_R_Yamoussoukro
47%
_U_Uʻ_L_F_Nukuʻalofa
46%
N_K_ʻA_O_ANukuʻalofa
46%
_E_L_NBerlin
45%
B_R_I_Berlin
45%
H_N_A_AHoniara
45%
P_E_O_I_Pretoria
45%
P_I_T_N_Pristina
45%
S_C_ESucre
45%
_E_R_TBeirut
44%
C_T_N_UCotonou
44%
A_H_A_A_Ashgabat
43%
_A_G_IBangui
43%
_I_G_T_W_Kingstown
43%
P_L_K_RPalikir
43%
N_A_E_Niamey
42%
S_U_H   _A_A_ASouth Tarawa
42%
_A_L_N_Tallinn
42%
_I_D_O_KWindhoek
42%
B_I_U_Beirut
41%
_U_G_D_U_O_Ouagadougou
41%
_O_T   _O_E_B_Port Moresby
41%
_I_A_HRiyadh
41%
_A_S_T_R_EBasseterre
40%
_U_N_S   _I_E_Buenos Aires
40%
_I_A_IKigali
40%
_I_B_NLisbon
40%
_O_A_OMonaco
40%
_O_T - _U - _R_N_EPort-au-Prince
40%
T_I_O_ITripoli
40%
_A_J_LBanjul
39%
_A_E   _O_NCape Town
39%
B_O_M_O_T_I_Bloemfontein
38%
_E_S_N_IHelsinki
38%
_A_P_L_Kampala
38%
K_N_S_O_Kingston
38%
_A_E_UMaseru
38%
_O_R_V_AMonrovia
38%
_A_P_ITaipei
38%
V_C_O_I_Victoria
38%
_A_O_S_O_K_OYamoussoukro
38%
_A_A_Rabat | Dakar
37%
_B_L_S_Tbilisi
37%
_L_E_F_N_E_NBloemfontein
36%
_I_S_A_AKinshasa
36%
_A_I_AManila
36%
R_S_A_Roseau
36%
_T_C_H_L_Stockholm
36%
_R_Z_A_I_L_Brazzaville
35%
B_L_O_A_Belmopan
33%
L_S_O_Lisbon
33%
L_A_D_Luanda
33%
M_N_O_I_Monrovia
33%
M_S_A_Muscat
33%
_U_C_TMuscat
33%
_A_L_T_AValletta
33%
_A_R_BZagreb
33%
B_S_A_Bissau
32%
_A_U_Kabul | Vaduz
32%
_R_G_EPrague
32%
_E_U_I_A_P_Tegucigalpa
32%
_E_G_A_EBelgrade
31%
_E_M_P_NBelmopan
31%
_H_K_Dhaka
31%
_B_B_N_Mbabane
31%
_O_T   _O_I_Port Louis
31%
_O_O_ÁBogotá
30%
_A_O_O_EGaborone
30%
_E_R_NTehran
30%
_T_E_SAthens
29%
_I_S_UBissau
29%
_R_S_L_ABrasília
29%
_A_O_Hanoi
29%
_A_A_AManama | Havana
29%
_A_A_A_I_OParamaribo
29%
_O_T   _I_APort Vila
29%
_A_A_E_OSarajevo
29%
_U_A_E_TBudapest
28%
_O_E_URoseau
28%
_M_A_Amman
27%
_A_B_R_ACanberra
27%
_S_A_A_A_Islamabad
27%
_I_S_Minsk
27%
_O_O_IMoroni
27%
_E_L_N_T_NWellington
27%
_H_R_O_MKhartoum
26%
_A_H_E_TTashkent
26%
_A_G_O_Bangkok
25%
_R_S_E_SBrussels
25%
_U_H_N_EDushanbe
25%
_U_A_U_IFunafuti
25%
_I_G_T_NKingston
25%
_I_O_G_ELilongwe
25%
_A_S_UNassau
25%
_R_I_Praia
25%
_L_A_B_A_A_Ulaanbaatar
25%
_U_L_NDublin
23%
S_I_T   _E_R_E'_Saint George's
23%
M_N_E_I_E_Montevideo
22%
_R_T_R_APretoria
22%
_R_S_I_APristina
22%
_S_N_I_NAsunción
21%
_A_A_EHarare
21%
_U_A_ALusaka
21%
C_S_R_E_Castries
20%
_O_O_ADodoma
20%
_U_R_Sucre
20%
_E_K_A_Í_Reykjavík
19%
_M_T_R_A_Amsterdam
18%
_A_R_B_Nairobi
18%
_E_E_A_Yerevan
18%
_A_A_T_Jakarta
17%
_U_T_Quito
17%
_U_I_Tunis
17%
_A_A_A_Caracas
16%
_I_A_ATirana
16%
_A_U_D_Yaoundé
16%
_A_H_A_Baghdad
15%
_I_H_E_Bishkek
15%
_A_T_I_SCastries
15%
_I_N_AVienna
15%
_R_D_E_O_NBridgetown
14%
_O_A_I_H_Mogadishu
14%
_L_I_R_Algiers
13%
_G_R_L_U_Ngerulmud
13%
_I_O_I_Nicosia
13%
_E_U_Seoul
13%
_O_I_Sofia
13%
_I_T_R_AVictoria
13%
_A_A_C_SDamascus
12%
_A_T_A_OSantiago
12%
_R_E_O_NFreetown
11%
_A_U_OMajuro | Maputo
11%
_A_I_I_Palikir
11%
_U_N_ALuanda
10%
_I_N_U_Vilnius
10%
_E_R_E_O_NGeorgetown
8%
_I_E_AGitega
8%
_E_U_A_E_Jerusalem
8%
_A_I_Paris
8%
_A_E_Yaren
8%
_O_A_R_Conakry
7%
_A_P_I_A_Naypyidaw
7%
_O_I_R_Honiara
6%
_T_A_AOttawa
6%
_I_N_I_N_Vientiane
6%
_A_H_A_D_Kathmandu
5%
_H_M_H_Thimphu
5%
_O_O_O_Cotonou
0%
_A_A_U_Managua
0%

Score Distribution

Percentile by Number Answered

Percent of People with Each Score

Your Score History

You have not taken this quiz since the last reset